000 00329nam a2200133Ia 4500
005 20260328101446.0
008 260328s9999||||xx |||||||||||||| ||und||
100 _aBrown, Carter
245 0 _aNational Gallery of Art - Washington /
_cCarter Brown
260 _bHarry N. Abrams
300 _a160 p.
650 _aARTE
942 _cBK
999 _c8490
_d8490